top 10 największych miast w woj. Kujawsko-Pomorskim - Statystyki

Ogólne statystyki
  • Ten quiz został rozwiązany 46 razy
  • Średni wynik to 8 z 10
Statystyki odpowiedzi
Populacja miast Nazwa % Poprawnych
1. - 339 053 Bydgoszcz
100%
2. - 196 935 Toruń
100%
3. - 106 928 Włocławek
92%
4. - 92 552 Grudziądz
87%
5. - 70 713 Inowrocław
82%
6. - 28 536 Brodnica
66%
9. - 17 805 Nakło nad Notecią
63%
10. - 15 820 Rypin
63%
7. - 25 236 Świecie
63%
8. - 18 915 Chełmno
61%
Nie znaleziono quizów pasujących do podanych kryteriów
Rozkład punktacji
Procent ludzi z każdym wynikiem
Percentyl według liczby udzielonych odpowiedzi
Twoja historia wyników
Nie rozwiązałeś tego quizu